| 000 | 00551nam a2200181Ia 4500 | ||
|---|---|---|---|
| 008 | 190805s9999||||xx |||||||||||||| ||und|| | ||
| 020 |
_a9788120417120 _cRs. 475.00 |
||
| 082 | 0 | 4 |
_a628.3 _bR1803 |
| 100 | 1 | _aRao, M. N. | |
| 245 | 1 | 0 |
_aWaste Water Treatment / _cM. N. Rao and A. K. Datta |
| 250 | _a3rd ed. | ||
| 260 |
_aNew Delhi : _bCBS Publishers & Distributors Pvt Ltd, _c2007, reprinted 2018 |
||
| 300 |
_axii, 388 p. _b : ill. _c; 22 cm. |
||
| 650 | 0 |
_aSewage _xPurification |
|
| 700 | 1 | _aDatta, A. K. | |
| 942 | _cBK | ||
| 999 |
_c417 _d417 |
||